Competitiveness behind the Invisible Iron Curtain: Spatial Analysis of EU Countries

Rozbor priestorových vzorcov konkurencieschopnosti medz krajinami EÚ so zreteľom na "západné" a "post-socialistické" krajiny. V rámci "neviditeľnej železnej opony" autori diskutujú o konvergencii, divergencii a regionálnom rozvoji.

Gespeichert in:
Bibliographische Detailangaben
1. Verfasser: Malik, Jakub
Weitere Verfasser: Poliaková, Adela
Format: Buchkapitel
Sprache:Englisch
Schlagworte:
Tags: Tag hinzufügen
Keine Tags, Fügen Sie das erste Tag hinzu!

MARC

LEADER 00000naa a2200000 4500
001 0313530
005 20251209130928.2
041 0 |a eng 
044 |a SK 
245 1 0 |a Competitiveness behind the Invisible Iron Curtain: Spatial Analysis of EU Countries  |c Jakub Malik, Adela Poliaková 
520 |a Rozbor priestorových vzorcov konkurencieschopnosti medz krajinami EÚ so zreteľom na "západné" a "post-socialistické" krajiny. V rámci "neviditeľnej železnej opony" autori diskutujú o konvergencii, divergencii a regionálnom rozvoji. 
610 2 0 |a konkurencieschopnosť 
610 2 0 |a ekonomika priestorová 
610 2 0 |a konvergencia 
610 2 0 |a divergencia 
610 2 0 |a rozvoj regionálny 
610 2 0 |a socializmus 
610 2 0 |a transformácia 
100 1 |a Malik, Jakub 
700 1 |a Poliaková, Adela